000
00463nam a2200145Ia 4500
008
100122s9999 xx 000 0 und d
082
_b
36952
_a
823
100
_a
रांगणेकर कुमुदिनी
245
_a
देखणा बहाणा
260
_b
राजंेद्र पब्लिकेशन
_c
1905
300
_a
216
630
_a
देखणा बहाणा
730
_a
देखणा बहाणा
942
_c
BOOK
999
_c
419535
_d
419532